00939 2200313 4500001002100000005001500021035002000036007000300056008004100059020002200100040002200122082001500144084001700159100002200176245012200198250001700320300003400337650002000371850001200391504003300403264003500436336002100471337003000492338002300522500001100545700002900556990002000585990002000605INLIS00000000087128020220726124215 a0010-0722000410ta220725s2020 yoia g 1 ind d a978-979-25-4894-5 aYOPDYOGbinderda04223a297.77 a297.77 FAI g0 aFaisolepengarang10aGus Dur & pendidikan Islam :bUpaya mengembalikan esensi pendidikan di era global /cfaisol; penyunting, Meita Sandra aCetakan 2020 a150 halaman :btabel ;c21 cm 4aPendidika Islam aYOPDYOG aBibliografi: halaman 143-14831aSleman :bAr-Ruzz Media,c2020 2rdacontentateks 2rdamediaatanpa perantara 2rdacarrieravolume aIndeks0 aMeita Sandraepenyunting a44113-PD/B.2022 a44114-PD/B.2022